000 01201nam a22003497a 4500
003 CHAP
005 20220329143615.0
008 100906s2008 mx r 00010 spa d
010 _a99202
011 _a100174
035 _a110860
040 _cCHAP
090 _aTesis
100 1 _aRamírez Sánchez, Jorge.
_994279
245 1 0 _aOsteoartrosis
_c/por Jorge Ramírez Sánchez
260 _aChapingo, Méx. :
_bEl autor,
_c2008
300 _a48 h.
502 _aTesis (Diplomado en Quiro - Osteoterapia y Ortopedia Integral) -- UACH. Centro de Educación Continua
590 _aALEPH
_b10
_c20130110
_lUCH01
_h1536
590 _aBATCH-UPD
_b10
_c20130110
_lUCH01
_h1709
590 _aBATCH-UPD
_b10
_c20130410
_lUCH01
_h1055
590 _aBATCH-UPD
_b10
_c20130914
_lUCH01
_h1307
590 _aCONVERSION
_b10
_c20130109
_lUCH01
_h1355
650 1 4 _aEnfermedades.
_936931
650 1 4 _aMedicina alternativa.
_973914
650 1 4 _aMedicina china.
_973916
650 1 4 _aMedicina tradicional.
_973921
901 _aBK
942 _cTESIS
949 _aTesis
_bBC
_cTES
_d33724002074223
_eTS1
_gDonaciØn
_h51038
_i110860
_sb
949 _aTesis
_bBC
_cTES
_d33724002074264
_eTS1
_fc.2
_gDonaciØn
_h51039
_i110860
_sb
999 _c99202
_d99202